02404nam a2200301 i 4500003000900000005001700009007000300026008004100029020001800070040003000088082002000118100004000138245012100178246011600299250002200415264006500437300004500502336002700547337003300574338002800607500006000635500002600695500010100721500021200822505002201034520098601056710006002042DO-SdBNP20250603131609.0ta250603s2025 dr a 000 0 spa d a9789945291582 aDO-SdBNPbspacBNPHUerda 4axxxxbD542c2221 aDíaz, Rafael,d1960-eautor4aut.10aCompendio terminológico bilingüe para hotelería y servicios comerciales :bmaster book No. 2 /cRafael Díaz10aHipervocabulario y expresiones bilingües :bpara facilitar la comunicación en todas las áreas laborales / aTercera edición 4a[Higüey, República Dominicana] :b[C.E.F.O.],c©[2025]. a623 páginas :bilustraciones ;c28 cm. atextobtxt2rdacontent asin mediaciónbn2rdamedia avolumenbnc2rdacarrier aIncluye datos biografícos del autor en la página 1. aLibro de pasta dura.  aLos datos de isbn y reseña, fueron tomados de la página del ISBN de República Dominicana.  aLos datos de la editora, fueron encontrados en la página de instagram (Centro De Formation CEFO Centro de Estudio- Formación y Orientación. C.E.F.O HIGUEY TEL:809-554-3457 @:lic.rafaeldiaz@hotmail.com) gEnglish-Español aVivimos en una época donde el dominio lexical y expresivo del idioma inglés es uno de los retos más complejo que tienen la mayoría de los trabajadores de las diferentes áreas laborales, en especial las áreas turísticas, debido a que en sus funciones deben comunicarse en dicha lengua, empleando una serie de termonologias propias de la industria en que se desenvuelven, de los cuales tienen escaso o ningún conocimiento. Esta situación resulta preocupante porque el inglés poco a poco se ha ido convirtiendo en un idioma universal para establecer relaciones comerciales, académicas, culturales y diplomáticas en las distintas partes del mundo dode usa esta lengua como medio de comunicación comercial y personal En este sentido, el aprendizaje de la lengua inglesa es casi imprescindible para todas las carreras, ya que es uno de los principales medios que facilitan, no sólo la obtención de un empleo digno, sino también la permanencia en el mismo. aCentro de Estudio Formación y Orientación (C.E.F.O)